000 00323nam a2200121Ia 4500
008 150201s2010 xx 000 0 und d
082 _a616.01
_bB07F
100 _aFORBES, BETTY A
245 _aBAILEY & SCOTTS DIAGNISTIC MICRIBIOLOGY
260 _bMOSBY ELSEVIER
_aDELHI
_c2010
650 _aMICROBIOLOGY
942 _2ddc
_cBK
_04
999 _c1224
_d1224